Construction technology (Record no. 114237)
[ view plain ]
| 000 -LEADER | |
|---|---|
| fixed length control field | 01345cam a22003015a 4500 |
| 001 - CONTROL NUMBER | |
| control field | L156395 |
| 008 - FIXED-LENGTH DATA ELEMENTS--GENERAL INFORMATION | |
| fixed length control field | 280512s2012 xxk f 001 0 eng d |
| 020 ## - INTERNATIONAL STANDARD BOOK NUMBER | |
| International Standard Book Number | 9780435046828 |
| 035 ## - SYSTEM CONTROL NUMBER | |
| System control number | (Sirsi) u156395 |
| 041 0# - LANGUAGE CODE | |
| Language code of text/sound track or separate title | eng |
| 050 04 - LIBRARY OF CONGRESS CALL NUMBER | |
| Classification number | 690 |
| 100 1# - MAIN ENTRY--PERSONAL NAME | |
| Personal name | Chudley, Roy |
| 245 00 - TITLE STATEMENT | |
| Title | Construction technology |
| 250 ## - EDITION STATEMENT | |
| Edition statement | 5th ed. |
| 260 ## - PUBLICATION, DISTRIBUTION, ETC. | |
| Place of publication, distribution, etc. | Harlow |
| Name of publisher, distributor, etc. | Prentice Hall |
| Date of publication, distribution, etc. | 2011 |
| 300 ## - PHYSICAL DESCRIPTION | |
| Extent | xi, 634 p. |
| Other physical details | ill. |
| Dimensions | 24 cm |
| 350 ## - PRICE (NR) (BK AM CF MU VM SE) [OBSOLETE] | |
| Price | 69 |
| 505 2# - FORMATTED CONTENTS NOTE | |
| Formatted contents note | Introduction -- Part 1: Site investigations -- Part 2: Site and temporary works -- Part 3: Substructure -- Part 4: Superstructure -- Part 5: Floors -- Part 6: Roofs -- Part 7: Energy conservation and sustainability in buildings -- Part 8: Internal fixtures and fittings -- Part 9: Access and facilities for disabled people -- Part 10: Framed buildings -- Part 11: Services. |
| 520 ## - SUMMARY, ETC. | |
| Summary, etc. | This book is an updated version of the previous edition. It has been updated to include sections on site investigations, energy us and sustainability and adaptations for independent living. Guidance on building principles is accompanied with practice standards that are up to date. |
| 521 ## - TARGET AUDIENCE NOTE | |
| Target audience note | Advanced |
| 651 #4 - SUBJECT ADDED ENTRY--GEOGRAPHIC NAME | |
| Geographic name | United Kingdom |
| Chronological subdivision | |
| 690 ## - LOCAL SUBJECT ADDED ENTRY--TOPICAL TERM (OCLC, RLIN) | |
| Topical term or geographic name as entry element | Construction management |
| 9 (RLIN) | 6230 |
| 700 1# - ADDED ENTRY--PERSONAL NAME | |
| Personal name | Greeno, Roger |
| 700 1# - ADDED ENTRY--PERSONAL NAME | |
| Personal name | Hurst, Mike |
| 700 1# - ADDED ENTRY--PERSONAL NAME | |
| Personal name | Topliss, Simon |
| 942 ## - ADDED ENTRY ELEMENTS (KOHA) | |
| Suppress in OPAC | 0 |
| Withdrawn status | Lost status | Source of classification or shelving scheme | Damaged status | Not for loan | Home library | Current library | Shelving location | Date acquired | Total Checkouts | Full call number | Barcode | Date last seen | Date last checked out | Copy number | Price effective from | Koha item type |
|---|---|---|---|---|---|---|---|---|---|---|---|---|---|---|---|---|
| Dewey Decimal Classification | London | London | Books | 29/05/2012 | 3 | 690 CHU | 30077441 | 06/08/2019 | 01/03/2016 | 1 | 06/08/2019 | Book |